Sanat - "Tuhat toivetta" - Cuulas - Statistics

Yleistilastot
  • Tätä visaa on pelattu 6 kertaa
  • Keskiarvotulos 128 / 157
Vastaustilastot
Vastaus % Oikein
hetken
100%
hiljaa
100%
kahden
100%
kanssain
100%
kanssani
100%
Kun
100%
kun
100%
lausua
100%
100%
maa
100%
mun
100%
on
100%
rannalla
100%
100%
sen
100%
tähdenlentoja
100%
tahtoisin
100%
taivas
100%
tallettaa
100%
tämän
100%
toivetta
100%
Tuhat
100%
unelmoit
100%
voit
100%
en
83%
eteen
83%
hiljainen
83%
huokailuun
83%
käy
83%
kuun
83%
liian
83%
mieli
83%
minä
83%
näy
83%
pilvet
83%
rannallain
83%
tähdenlennot
83%
tarttuu
83%
tuulien
83%
uudelleen
83%
83%
ihminen
67%
ihmistä
67%
ikävöiden
67%
jostain
67%
kaipaa
67%
kenet
67%
kuuntelen
67%
löydän
67%
Puhu
67%
puhu
67%
rinnaltain
67%
tiedän
67%
vaikka
67%
ihmisten
50%
joka
50%
pyydä
50%
rakentaa
50%
Sama
50%
seisoin
50%
siltaa
50%
tähdet
50%
taivaanrannat
50%
vaikkei
50%
ylle
50%
Aina
33%
hehkua
33%
heijastaa
33%
hyvästellen
33%
Iltataivas
33%
katoaa
33%
keinuen
33%
kerran
33%
kuljettaa
33%
minut
33%
rantaan
33%
sillan
33%
tuo
33%
tuon
33%
yli
33%
aallot
17%
hälvenneen
17%
harteilla
17%
huomaan
17%
kantaa
17%
meren
17%
pilvien
17%
Ehtoja vastaavia visoja ei löytynyt
Tulosjakauma
Jokaisen tuloksen saaneiden osuus
Persentiili vastausten määrän mukaan
Tuloshistoriasi
Et ole pelannut tätä visaa